00532nam a2200193 a 450000100060000000300090000600800410001502000180005604000280007408200210010210000160012324500400013926000340017930000140021349000250022750000290025265000320028170000250031318890CO-ViMGA141112s2004 ck r 000 u spa d a9789587434941 aCO-ViMGAbspacCO-ViMGA04aI 823.91 bD145c1 aDahl, Roald10aCharlie y la fábrica de chocolate aBogotá : bLoqueleo; c2015 a231 p. il aColeccion Roald Dahl aA partir de 12 años. 14aCUENTOS INFANTILES INGLESES1 aBlake, Quentin,eIl.